| 000 | 00646nam a2200193 i 4500 | ||
|---|---|---|---|
| 001 | 42235 | ||
| 003 | ES-MaACL | ||
| 005 | 20250814075649.0 | ||
| 007 | t| | ||
| 008 | 030313s1958 sp ||||1| spa d | ||
| 245 | 0 | 0 |
_aNueva Semana Santa para uso de los fieles _b: (texto latino-castellano) conforme al decreto de la Sda. Congregación de Ritos / _cBaltasar del Castillo. |
| 250 | _a5ª ed. | ||
| 260 |
_aBarcelona : _bVillamala, _c[1958] |
||
| 300 |
_a255 p. : _bil. ; _c16 cm. |
||
| 650 | 7 |
_aOficios de la Semana Santa _2embne _9171166 |
|
| 700 | 1 |
_aCastillo, Baltasar del. _936676 |
|
| 852 |
_aES-MaACL _jC-25666 |
||
| 999 |
_c42235 _d42235 |
||